00932nam a2200193 i 4500001000700000003000900007005001700016007000300033008004100036100003500077245017900112260012100291300002200412490006400434830007200498852002500570999001900595952012400614124843ES-MaACL20230906192516.0t|070423s1933 sp ||||1| spa d1 aLuño Peña, Enrique.97479710aSeguro Social Agrario b: extensión de los Seguros Sociales a los trabajadores del campo. Procedimiento de hacer más efivaz esa extensión / cpor Enrique Luño Peña. aMadrid : b[s.n.], c1933 (fImprenta y Encuadernación de los Sobrinos de la Sucesora de M. Minuesa de los Ríos) a274 p. ; c18 cm.1 aPublicaciones del Instituto Nacional de Previsión ; v3800 aPublicaciones del Instituto Nacional de Previsión ; v3809181151 aES-MaACLjC-12627(1) c124843d124843 00104070aATENEOMbATENEOMcSPALd2008-01-17eSCl0oC-12627(1)p1130074r2023-02-23 00:00:00w2023-02-23yMONOGRAFIA